| 000 | 00863nam a2200229Ia 4500 | ||
|---|---|---|---|
| 005 | 20241212142848.0 | ||
| 008 | 210716s2010 xx 000 0 und d | ||
| 020 | _a9788184870886 | ||
| 040 | _cAIMIT LIBRARY | ||
| 041 | _aeng | ||
| 082 |
_a001.0720058 _21 _b SARN |
||
| 245 |
_aNetwork security : _bissues challenges and techniques / _cEdited by Nityanada Sarma and Dhruba K Bhattacharyya. |
||
| 250 | _a1st ed. | ||
| 260 |
_aNew Delhi : _bNarisa Publishing House , _c2010. |
||
| 300 |
_axii,170p. ; _bHB _c25.5 cm |
||
| 650 |
_aSupersingularity and cyelicity of elliptie curves _9190326 |
||
| 650 |
_aVunlnerabilities in web browsers _9190327 |
||
| 650 |
_aA review on applications of multimedia encryption _9190328 |
||
| 700 |
_aSharma,Nityanada., ed. _9190329 |
||
| 700 |
_aBhattacharyya, Dhruba K.,ed. _9190330 |
||
| 942 |
_2ddc _cBK _e1st _k001.0720058 SARN |
||
| 999 |
_c192174 _d192174 |
||